000 00721nam a2200229Ia 4500
003 GCL
008 140319s9999 xx 000 0 ara d
040 _aGCL /
_cGCL
082 0 4 _a322.4
_bب ا
100 1 _aبورجا، فرانسوا
245 1 0 _aالاسلام السياسى: صوت الجنوب /
_cبورجا، فرانسوا
700 1 _aلورين ذكرى
260 _a[S.N] :
_bدار العالم الثالث ،
_c1992
300 _a399 ص
490 _a
650 0 4 _aافريقيا الشمالية
650 0 4 _aالانتخابات
650 0 4 _aالديمقراطية
650 0 4 _aنظام الحكم فى الاسلام
650 0 4 _aالاسلام والسياسة
942 _2ddc
_cBK
999 _c29916
_d29916